| 000 | 01059cab a2200313 4500 | ||
|---|---|---|---|
| 001 | WB2902-13 | ||
| 008 | 090401t1993 xxu||||| |||| 00| 0 eng d | ||
| 035 | _a(Sirsi) u25426 | ||
| 041 | _aeng | ||
| 245 | _aSome growth in confidence | ||
| 260 | _c1993 | ||
| 350 | _a0 | ||
| 490 |
_aScotsman _v12 January 1993, 28 |
||
| 490 |
_aHousing _v13 January 1993, 22(2) |
||
| 520 | _aDiscusses the figures for the first full three-month period of "The Scotsman"/RICS commercial property survey which shows that on average rents have steadied and in some cases may be showing signs of a demand led increase. | ||
| 650 | _aABERDEEN | ||
| 650 | _aDUNDEE | ||
| 650 | _aEDINBURGH | ||
| 650 | _aGLASGOW | ||
| 650 | _aINDUSTRIAL MARKET | ||
| 650 | _aLIVINGSTON | ||
| 650 | _aPROPERTY-COMMERCIAL PROPERTY-OFFICE PROPERTY-OFFICE PROPERTY MARKET | ||
| 650 | _aPERTH | ||
| 650 | _aPROPERTY-COMMERCIAL PROPERTY-RETAIL PROPERTY-RETAIL PROPERTY MARKET | ||
| 650 | _aSCOTLAND | ||
| 690 | _aPROPERTY-COMMERCIAL PROPERTY | ||
| 942 | _n0 | ||
| 948 | _c04/03/1997 | ||
| 999 |
_c17074 _d17074 |
||